=LDR 00000nam 2200000 4500 =001 INLIS000000000005737 =005 20251024014129 =035 ##$$a 0010-1025000792 =007 ta =008 251024###########################0#ind## =082 ##$$a 649.1 =084 ##$$a 649.1 BAD r =245 1#$$a Ringkasan Laporan Pelaksanaan Studi Peningkatan Peranan Orang Tua/Ibu Dalam Upaya Pemantapan Pembinaan Tumbuh Kembang Anak : $b - /$c Badan Koordinasi Keluarga Berencana Nasional =260 ##$:$b Badan Koordinasi Keluarga Berencana Nasional =300 ##$$a 40 hal : $b ilus ; $c 21 cm =650 #4$$a Keluarga Berencana =110 #$$a Badan Koordinasi Keluarga Berencana Nasional =856 ##$$a Perpustakaan Kemendukbangga